[Event "Lvov Vasylyshyn Memorial GM 9th"]
[Site "Lvov"]
[Date "2012.11.27"]
[Round "8"]
[White "Tovmasian, Vardges"]
[Black "Yildiz Kadioglu, Betul Cemre"]
[Result "1-0"]
[WhiteElo "2436"]
[BlackElo "2379"]
[PlyCount "59"]
[EventDate "2012.11.20"]
[EventType "tourn"]
[EventRounds "9"]
[EventCountry "UKR"]
[EventCategory "8"]
[SourceTitle "CBM 151 Extra"]
[Source "ChessBase"]
[SourceDate "2012.12.18"]
[SourceVersion "1"]
[SourceVersionDate "2012.12.18"]
[SourceQuality "1"]

1. Nf3 Nf6 2. d4 e6 3. Bg5 c5 4. e3 b6 5. c4 h6 6. Bh4 Bb7 7. d5 exd5 8. cxd5 g5 9. Bg3 Bxd5 10. Nc3 Bc6 11. h4 g4 12. Ne5 Bg7 13. Nxg4 Ne4 14. Nxe4 Bxe4 15. f3 Bb7 16. Bd6 h5 17. Ne5 Nc6 18. Nxf7 Qf6 19. Nxh8 Qxb2 20. Rc1 Bc3+ 21. Rxc3 Qxc3+ 22. Kf2 Qxh8 23. Bf4 Qb2+ 24. Kg1 Qxa2 25. Bg5 Ne5 26. Rh3 Qe6 27. Qc2 Qf7 28. Rg3 a5 29. Bf4 Nc6 30. Bc4 1-0

[Event "Lvov Vasylyshyn Memorial GM 9th"]
[Site "Lvov"]
[Date "2012.11.23"]
[Round "4"]
[White "Tovmasian, Vardges"]
[Black "Vovk, Yuri"]
[Result "1/2-1/2"]
[WhiteElo "2436"]
[BlackElo "2592"]
[PlyCount "316"]
[EventDate "2012.11.20"]
[EventType "tourn"]
[EventRounds "9"]
[EventCountry "UKR"]
[EventCategory "8"]
[SourceTitle "CBM 151 Extra"]
[Source "ChessBase"]
[SourceDate "2012.12.18"]
[SourceVersion "1"]
[SourceVersionDate "2012.12.18"]
[SourceQuality "1"]

1. d4 Nf6 2. c4 g6 3. Nc3 d5 4. Nf3 Bg7 5. Bf4 0-0 6. e3 c5 7. dxc5 Ne4 8. Rc1 Nxc3 9. bxc3 Nd7 10. cxd5 Qa5 11. Qb3 Nxc5 12. Qb4 Qb6 13. Be2 Rd8 14. Qxb6 axb6 15. c4 Rxa2 16. Bc7 Nb3 17. Rd1 Rf8 18. Bxb6 Bf5 19. c5 Bc3+ 20. Kf1 Bc2 21. g4 Bxd1 22. Bxd1 Nd2+ 23. Nxd2 Rxd2 24. Bf3 f5 25. gxf5 Rxf5 26. Kg2 Rg5+ 27. Kf1 Rb2 28. h4 Rf5 29. Kg2 g5 30. Rf1 gxh4 31. Bg4 Rg5 32. Kf3 Kf8 33. Rd1 Be5 34. Bc8 Bh2 35. Rh1 Bg1 36. Rxh4 Rxd5 37. Rf4+ Ke8 38. Rg4 Rxf2+ 39. Ke4 Rd1 40. Bxb7 Bh2 41. Rh4 Rb1 42. Rxh7 Rb4+ 43. Kd3 Rb3+ 44. Ke4 Rb4+ 45. Kd3 Be5 46. Bc6+ Kf8 47. Bd5 Rf1 48. Ke2 Rbb1 49. Bd8 Bf6 50. c6 Rbe1+ 51. Kd3 Rd1+ 52. Ke4 Rxd5 53. Bxe7+ Bxe7 54. Kxd5 Rc1 55. Rh8+ Kf7 56. Rh7+ Ke8 57. Ke4 Rxc6 58. Kd3 Kd7 59. Rh5 Ke6 60. Ke4 Rc4+ 61. Kd3 Ra4 62. Ke2 Bd6 63. Kf3 Be5 64. Rg5 Kf6 65. Rg4 Ra3 66. Rh4 Bb8 67. Rb4 Ba7 68. Re4 Bc5 69. Re8 Kf5 70. Re4 Ra2 71. Rh4 Be7 72. Rf4+ Kg6 73. Rc4 Bg5 74. Rc6+ Kh5 75. Rc8 Rh2 76. Rh8+ Bh6 77. Re8 Kh4 78. Re4+ Kh3 79. Re5 Kh4 80. Re4+ Kh5 81. Re8 Rh1 82. Re6 Bg5 83. Re8 Rf1+ 84. Ke2 Rf7 85. Re4 Rf8 86. Kd3 Rf2 87. Rc4 Rf3 88. Re4 Rh3 89. Ke2 Kg6 90. Re8 Kf5 91. Kd3 Kg4 92. Ke2 Rh2+ 93. Kd3 Ra2 94. Re5 Ra6 95. Ke2 Bf6 96. Rd5 Re6 97. Rd3 Bg5 98. Ra3 Kg3 99. Rb3 Bh6 100. Ra3 Rf6 101. Rc3 Rf2+ 102. Kd3 Kf3 103. Rc2 Rf1 104. Rh2 Rd1+ 105. Kc2 Rd6 106. Rh3+ Ke4 107. Rh4+ Kxe3 108. Rh3+ Ke4 109. Rh4+ Bf4 110. Rh3 Rg6 111. Rh4 Rg3 112. Rh8 Be5 113. Re8 Rc3+ 114. Kd2 Rb3 115. Rc8 Rh3 116. Kc2 Rh2+ 117. Kb3 Rb2+ 118. Ka4 Bd4 119. Rd8 Kd3 120. Rc8 Bc3 121. Rg8 Rb4+ 122. Ka3 Rb7 123. Ka4 Kc2 124. Rg2+ Kd3 125. Rg8 Rb1 126. Rf8 Kc2 127. Rf2+ Bd2 128. Rf3 Rb4+ 129. Ka3 Rb5 130. Ka2 Rh5 131. Rb3 Ra5+ 132. Ra3 Rb5 133. Rh3 Rb8 134. Rg3 Rb4 135. Rh3 Rg4 136. Rb3 Ra4+ 137. Ra3 Rd4 138. Rb3 Bc3 139. Rb2+ Kd3 140. Rb8 Ra4+ 141. Kb3 Ra1 142. Rc8 Rb1+ 143. Ka4 Rb4+ 144. Ka3 Kc2 145. Rg8 Rc4 146. Rg2+ Bd2 147. Rh2 Rc3+ 148. Ka2 Rg3 149. Rh5 Rg2 150. Rb5 Rg4 151. Rb2+ Kd3 152. Rb8 Bc3 153. Kb3 Rg2 154. Rd8+ Bd4 155. Rc8 Rb2+ 156. Ka4 Rb7 157. Ka3 Be5 158. Ka4 Bc7 1/2-1/2

[Event "Lvov Vasylyshyn Memorial GM 9th"]
[Site "Lvov"]
[Date "2012.11.22"]
[Round "3"]
[White "Tovmasian, Vardges"]
[Black "Vetoshko, Volodymyr"]
[Result "1-0"]
[WhiteElo "2436"]
[BlackElo "2283"]
[PlyCount "75"]
[EventDate "2012.11.20"]
[EventType "tourn"]
[EventRounds "9"]
[EventCountry "UKR"]
[EventCategory "8"]
[SourceTitle "CBM 151 Extra"]
[Source "ChessBase"]
[SourceDate "2012.12.18"]
[SourceVersion "1"]
[SourceVersionDate "2012.12.18"]
[SourceQuality "1"]

1. d4 Nf6 2. c4 e6 3. Nc3 Bb4 4. e3 0-0 5. Bd3 d5 6. Nf3 c5 7. 0-0 Nc6 8. a3 Bxc3 9. bxc3 dxc4 10. Bxc4 Qc7 11. Bb2 e5 12. h3 Bf5 13. Qe2 Rad8 14. Rfd1 Bg6 15. Bb5 Bh5 16. Bxc6 Qxc6 17. dxe5 Bxf3 18. gxf3 Nd5 19. c4 Nb6 20. Rac1 Rxd1+ 21. Qxd1 Qe6 22. Qf1 Rd8 23. Kh2 Rd2 24. Bc3 Rd7 25. Ba1 Kf8 26. Qe2 Qf5 27. f4 g6 28. Qb2 Rd3 29. Qb5 Qc8 30. e6 fxe6 31. Qb2 Rd7 32. Qh8+ Ke7 33. Qf6+ Ke8 34. Qh8+ Ke7 35. Qxh7+ Kd8 36. Qg8+ Ke7 37. Qg7+ Kd6 38. Qxg6 1-0

[Event "Chervonograd 8th"]
[Site "Chervonograd"]
[Date "2012.11.16"]
[Round "4"]
[White "Sychevskyy, Andriy"]
[Black "Tovmasian, Vardges"]
[Result "0-1"]
[WhiteElo "2050"]
[BlackElo "2436"]
[PlyCount "50"]
[EventDate "2012.11.14"]
[EventType "tourn"]
[EventRounds "11"]
[EventCountry "UKR"]
[EventCategory "2"]
[SourceTitle "CBM 151 Extra"]
[Source "ChessBase"]
[SourceDate "2012.12.18"]
[SourceVersion "1"]
[SourceVersionDate "2012.12.18"]
[SourceQuality "1"]

1. d4 d5 2. c4 e6 3. Nf3 Nf6 4. g3 Be7 5. Bg2 0-0 6. 0-0 dxc4 7. Qc2 a6 8. Qxc4 b5 9. Qc2 Bb7 10. Bd2 Be4 11. Qc1 Nc6 12. e3 b4 13. Rd1 Qd5 14. Ne1 Bxg2 15. Nxg2 e5 16. dxe5 Nxe5 17. Ne1 Rfd8 18. Qxc7 Rd7 19. Qc2 Rad8 20. a3 Qe4 21. Qc1 Nf3+ 22. Nxf3 Qxf3 23. Rf1 Ne4 24. Be1 Rd1 25. Qc2 b3 0-1

[Event "Chervonograd 8th"]
[Site "Chervonograd"]
[Date "2012.11.15"]
[Round "3"]
[White "Sevostianov, Pavel"]
[Black "Tovmasian, Vardges"]
[Result "0-1"]
[WhiteElo "2279"]
[BlackElo "2436"]
[PlyCount "134"]
[EventDate "2012.11.14"]
[EventType "tourn"]
[EventRounds "11"]
[EventCountry "UKR"]
[EventCategory "2"]
[SourceTitle "CBM 151 Extra"]
[Source "ChessBase"]
[SourceDate "2012.12.18"]
[SourceVersion "1"]
[SourceVersionDate "2012.12.18"]
[SourceQuality "1"]

1. Nf3 Nf6 2. c4 e6 3. g3 d5 4. Bg2 Be7 5. 0-0 0-0 6. d4 dxc4 7. Qc2 a6 8. Qxc4 b5 9. Qc2 Bb7 10. Bg5 Nbd7 11. Rd1 Be4 12. Qc1 Ra7 13. Nbd2 Bb7 14. Nb3 Qa8 15. Ne1 Bxg2 16. Nxg2 Qe4 17. Be3 Nd5 18. f3 Qg6 19. Bf2 f5 20. Qc6 Nb8 21. Qc2 Nd7 22. e4 fxe4 23. fxe4 N7f6 24. Re1 Ng4 25. Re2 Nb4 26. Qd2 Nxf2 27. Rxf2 Qxe4 28. Re1 Qg4 29. Rxf8+ Bxf8 30. Nf4 Nd5 31. Nxe6 Bb4 32. Qe2 Qg6 33. Rf1 Ra8 34. Qe5 Re8 35. Qxd5 Qxe6 36. Qxe6+ Rxe6 37. Rf2 Be7 38. Rc2 Bd6 39. Kf2 Kf7 40. Nc5 Rh6 41. Ke3 Bxc5 42. dxc5 Ke6 43. Kd4 g5 44. b4 Kf5 45. Rf2+ Kg4 46. Kd5 c6+ 47. Ke5 Kh3 48. Rd2 Kg4 49. a3 Kf3 50. Kf5 g4 51. Ra2 Rh5+ 52. Ke6 Rd5 53. a4 Rd4 54. axb5 axb5 55. Ra6 Kg2 56. Ra2+ Kh3 57. Rb2 Rd1 58. Re2 h5 59. Kf5 Rh1 60. Rd2 Rxh2 61. Rd6 Kxg3 62. Rxc6 h4 63. Rh6 h3 64. c6 Rc2 65. Rg6 h2 66. Rxg4+ Kh3 67. Rg6 h1Q 0-1

[Event "Lvov University Cup"]
[Site "Lvov"]
[Date "2012.08.23"]
[Round "11"]
[White "Tovmasian, Vardges"]
[Black "Kazakov, Mikhail"]
[Result "1/2-1/2"]
[WhiteElo "2420"]
[BlackElo "2489"]
[PlyCount "32"]
[EventDate "2012.08.15"]
[EventType "tourn"]
[EventRounds "11"]
[EventCountry "UKR"]
[EventCategory "2"]
[SourceTitle "EXT 2014"]
[Source "ChessBase"]
[SourceDate "2013.11.20"]
[SourceVersion "1"]
[SourceVersionDate "2013.11.20"]
[SourceQuality "1"]

1. d4 Nf6 2. c4 e6 3. Nf3 Bb4+ 4. Nbd2 0-0 5. a3 Be7 6. e3 d6 7. Bd3 Nc6 8. b4 Re8 9. Bb2 Bf8 10. b5 Nb8 11. 0-0 Nbd7 12. Qc2 e5 13. Ng5 g6 14. Rae1 Bg7 15. f4 exf4 16. exf4 Nf8 1/2-1/2

[Event "Lvov University Cup"]
[Site "Lvov"]
[Date "2012.08.22"]
[Round "10"]
[White "Itkis, Boris"]
[Black "Tovmasian, Vardges"]
[Result "1/2-1/2"]
[WhiteElo "2437"]
[BlackElo "2420"]
[PlyCount "91"]
[EventDate "2012.08.15"]
[EventType "tourn"]
[EventRounds "11"]
[EventCountry "UKR"]
[EventCategory "2"]
[SourceTitle "EXT 2014"]
[Source "ChessBase"]
[SourceDate "2013.11.20"]
[SourceVersion "1"]
[SourceVersionDate "2013.11.20"]
[SourceQuality "1"]

1. d4 Nf6 2. Nf3 c5 3. e3 cxd4 4. exd4 d5 5. c4 Nc6 6. Nc3 Bg4 7. cxd5 Nxd5 8. Qb3 Bxf3 9. gxf3 e6 10. Qxb7 Nxd4 11. Bb5+ Nxb5 12. Qxb5+ Qd7 13. Qxd7+ Kxd7 14. Nxd5 exd5 15. Be3 Bb4+ 16. Ke2 Rhc8 17. Rac1 a6 18. Kd3 Ke6 19. h3 g6 20. Rxc8 Rxc8 21. Rc1 Rxc1 22. Bxc1 Ke5 23. Be3 Be7 24. Kc3 d4+ 25. Bxd4+ Kf4 26. b4 Kxf3 27. a4 Ke4 28. Be3 Kd5 29. Kb3 h5 30. b5 axb5 31. axb5 Bc5 32. Bxc5 Kxc5 33. Ka4 Kb6 34. Kb4 g5 35. Kc4 h4 36. f3 f5 37. Kd4 Kxb5 38. Ke5 g4 39. fxg4 fxg4 40. Kf4 g3 41. Kf3 Kc4 42. Kg2 Kd3 43. Kg1 Ke3 44. Kg2 Ke2 45. Kh1 Kf3 46. Kg1 1/2-1/2

[Event "Lvov University Cup"]
[Site "Lvov"]
[Date "2012.08.19"]
[Round "7"]
[White "Meleshko, Vladimir"]
[Black "Tovmasian, Vardges"]
[Result "0-1"]
[WhiteElo "2296"]
[BlackElo "2420"]
[PlyCount "70"]
[EventDate "2012.08.15"]
[EventType "tourn"]
[EventRounds "11"]
[EventCountry "UKR"]
[EventCategory "2"]
[SourceTitle "EXT 2014"]
[Source "ChessBase"]
[SourceDate "2013.11.20"]
[SourceVersion "1"]
[SourceVersionDate "2013.11.20"]
[SourceQuality "1"]

1. e4 e6 2. d4 d5 3. Nc3 Bb4 4. e5 c5 5. a3 Ba5 6. b4 cxd4 7. Nb5 Bc7 8. Qg4 Bxe5 9. Nf3 h5 10. Qg5 Bf6 11. Qg3 Kf8 12. Bf4 Nc6 13. Bc7 Qd7 14. Ne5 Nxe5 15. Bxe5 h4 16. Qf4 Rh5 17. Bxd4 a6 18. Nc3 Bxd4 19. Qxd4 Qc7 20. Be2 Rh6 21. 0-0-0 Bd7 22. Ne4 Bb5 23. Bxb5 axb5 24. Nc3 Rc8 25. Kb2 Ne7 26. Qd3 Qe5 27. g3 Nf5 28. f4 Qe3 29. g4 Qxd3 30. cxd3 Ne3 31. Rdg1 Rf6 32. Nxb5 Rxf4 33. h3 Rf2+ 34. Kb3 Rd2 35. d4 Rd3+ 0-1

[Event "Lvov University Cup"]
[Site "Lvov"]
[Date "2012.08.18"]
[Round "5"]
[White "Kvetny, Mark"]
[Black "Tovmasian, Vardges"]
[Result "0-1"]
[WhiteElo "2231"]
[BlackElo "2420"]
[PlyCount "128"]
[EventDate "2012.08.15"]
[EventType "tourn"]
[EventRounds "11"]
[EventCountry "UKR"]
[EventCategory "2"]
[SourceTitle "EXT 2014"]
[Source "ChessBase"]
[SourceDate "2013.11.20"]
[SourceVersion "1"]
[SourceVersionDate "2013.11.20"]
[SourceQuality "1"]

1. d4 Nf6 2. c4 c5 3. d5 b5 4. cxb5 a6 5. b6 d6 6. Nc3 g6 7. Nf3 Bg7 8. Nd2 Nbd7 9. e4 Nxb6 10. a4 a5 11. Bb5+ Bd7 12. Bxd7+ Nfxd7 13. 0-0 c4 14. Nf3 Nc5 15. Be3 Nb3 16. Ra3 0-0 17. Nd4 Nxd4 18. Bxd4 Qb8 19. Bxg7 Kxg7 20. Qd4+ Kg8 21. Rb1 Rc8 22. b4 cxb3 23. Raxb3 Qc7 24. Rxb6 Qxc3 25. Qxc3 Rxc3 26. f3 Rc4 27. Rb7 Kf8 28. Kf2 Rxa4 29. Rc1 Rb4 30. Rd7 Rb2+ 31. Kg3 Rb5 32. Rcc7 Re8 33. Ra7 f5 34. h4 Rb4 35. Kf4 a4 36. g4 fxe4 37. fxe4 Rc4 38. h5 gxh5 39. gxh5 Rc1 40. Rxa4 Rf1+ 41. Kg5 Kf7 42. e5 dxe5 43. Ra6 Rg8+ 44. Kh6 Rh1 45. Re6 Rg6+ 46. Rxg6 hxg6 47. Kg5 Rxh5+ 48. Kg4 Rh1 49. d6 Ke6 50. Rxe7+ Kxd6 51. Rg7 Rg1+ 52. Kf3 Ke6 53. Rg8 Rf1+ 54. Ke3 Rf6 55. Re8+ Kf5 56. Rg8 Kg4 57. Re8 Rf5 58. Ke4 g5 59. Rg8 Rf1 60. Kxe5 Kh4 61. Ke4 g4 62. Ke3 Kh3 63. Ke2 Rf7 64. Rg6 g3 0-1

[Event "Lvov University Cup"]
[Site "Lvov"]
[Date "2012.08.16"]
[Round "3"]
[White "Terletsky, Oleg"]
[Black "Tovmasian, Vardges"]
[Result "1/2-1/2"]
[WhiteElo "2230"]
[BlackElo "2420"]
[PlyCount "121"]
[EventDate "2012.08.15"]
[EventType "tourn"]
[EventRounds "11"]
[EventCountry "UKR"]
[EventCategory "2"]
[SourceTitle "EXT 2014"]
[Source "ChessBase"]
[SourceDate "2013.11.20"]
[SourceVersion "1"]
[SourceVersionDate "2013.11.20"]
[SourceQuality "1"]

1. e4 e6 2. d4 d5 3. Nd2 Nc6 4. Ngf3 Nf6 5. e5 Nd7 6. Bd3 f6 7. exf6 Qxf6 8. Nf1 e5 9. Ne3 Nxd4 10. Nxd4 exd4 11. Nxd5 Qe5+ 12. Qe2 Bd6 13. Bf4 Qxe2+ 14. Bxe2 Bxf4 15. Nxf4 Nb6 16. Bf3 0-0 17. Nd5 Re8+ 18. Kd1 Nxd5 19. Bxd5+ Kf8 20. Re1 Rxe1+ 21. Kxe1 Ke7 22. Kd2 Kd6 23. Be4 Be6 24. Re1 Rf8 25. f3 c5 26. c3 dxc3+ 27. Kxc3 b5 28. b4 Rc8 29. Rd1+ Ke7 30. bxc5 Rxc5+ 31. Kb4 Rh5 32. h3 Bxa2 33. Ra1 Bc4 34. Rxa7+ Kf6 35. f4 g6 36. Ra6+ Kg7 37. Ra7+ Kf6 38. Ra6+ Ke7 39. Ra7+ Kd6 40. Ra6+ Kc7 41. Ra7+ Kb6 42. Rb7+ Ka6 43. Rb8 Be2 44. Re8 Bf1 45. h4 Kb6 46. g3 Bc4 47. Re7 Bf1 48. Rb7+ Ka6 49. Rb8 Ka7 50. Re8 Kb6 51. Re7 Bc4 52. Rb7+ Ka6 53. Rb8 Ka7 54. Rf8 Kb6 55. Rf6+ Kc7 56. Bf3 Rf5 57. Rxf5 gxf5 58. Kc5 Kd7 59. Bd1 Ke6 60. Bc2 h6 61. Bd1 1/2-1/2

[Event "Nabokov Memorial-A 10th"]
[Site "Kiev"]
[Date "2012.04.26"]
[Round "9"]
[White "Pavlov, Sergey1111"]
[Black "Tovmasian, Vardges"]
[Result "1-0"]
[WhiteElo "2460"]
[BlackElo "2420"]
[PlyCount "83"]
[EventDate "2012.04.19"]
[EventType "tourn"]
[EventRounds "9"]
[EventCountry "UKR"]
[EventCategory "9"]
[SourceTitle "CBM 148 Extra"]
[Source "ChessBase"]
[SourceDate "2012.06.22"]
[SourceVersion "1"]
[SourceVersionDate "2012.06.22"]
[SourceQuality "1"]

1. c4 c6 2. Nf3 d5 3. d4 Nf6 4. Nc3 dxc4 5. a4 Bg4 6. Ne5 Bh5 7. g3 e6 8. Bg2 Be7 9. 0-0 0-0 10. a5 Na6 11. Nxc4 Nb4 12. Ra4 Nbd5 13. Qc2 Bg6 14. Qb3 Rb8 15. Ne5 Nxc3 16. bxc3 Be4 17. f3 Bg6 18. e4 Nd7 19. Nxg6 hxg6 20. Bf4 e5 21. Bxe5 Nxe5 22. dxe5 Bc5+ 23. Kh1 Qe7 24. f4 g5 25. fxg5 Qe6 26. Qxe6 fxe6 27. Raa1 Kh7 28. h4 Kg6 29. Bh3 Rfe8 30. Rad1 Re7 31. Rd6 Rbe8 32. Kh2 Kh7 33. Bg4 Ba3 34. Bh5 Rb8 35. Bf7 Bb2 36. Rf3 b5 37. Bxe6 b4 38. cxb4 Bxe5 39. Rxc6 Rxb4 40. Bf5+ Kg8 41. Rc8+ Kf7 42. g6+ 1-0

[Event "Nabokov Memorial-A 10th"]
[Site "Kiev"]
[Date "2012.04.25"]
[Round "8"]
[White "Tovmasian, Vardges"]
[Black "Soltanici, Ruslan"]
[Result "0-1"]
[WhiteElo "2420"]
[BlackElo "2397"]
[PlyCount "84"]
[EventDate "2012.04.19"]
[EventType "tourn"]
[EventRounds "9"]
[EventCountry "UKR"]
[EventCategory "9"]
[SourceTitle "CBM 148 Extra"]
[Source "ChessBase"]
[SourceDate "2012.06.22"]
[SourceVersion "1"]
[SourceVersionDate "2012.06.22"]
[SourceQuality "1"]

1. d4 Nf6 2. c4 e6 3. Nc3 Bb4 4. e3 0-0 5. Bd3 d5 6. Nf3 c5 7. 0-0 Nc6 8. a3 Bxc3 9. bxc3 dxc4 10. Bxc4 Qc7 11. Bb2 e5 12. h3 a6 13. Ba2 Bf5 14. d5 Rad8 15. c4 Rfe8 16. Qe2 Nb8 17. Nd2 Bc8 18. e4 Nbd7 19. Bc3 Nf8 20. f4 exf4 21. e5 Ng6 22. Rae1 Nd7 23. d6 Qc6 24. Qh5 b6 25. Bb1 Bb7 26. Be4 Qc8 27. Bd5 Bxd5 28. cxd5 c4 29. Nf3 Qc5+ 30. Kh1 Qxd5 31. Rd1 Qb7 32. Ng5 Ndf8 33. Rde1 h6 34. Ne4 Re6 35. Qg4 Kh8 36. Nd2 Rde8 37. Nxc4 Qc6 38. d7 Nxd7 39. Nd6 Qxc3 40. Rc1 Qg3 41. Nxe8 Qxg4 42. Rc8 Qe2 0-1

[Event "Nabokov Memorial-A 10th"]
[Site "Kiev"]
[Date "2012.04.23"]
[Round "6"]
[White "Kislinsky, Alexey"]
[Black "Tovmasian, Vardges"]
[Result "0-1"]
[WhiteElo "2532"]
[BlackElo "2420"]
[PlyCount "68"]
[EventDate "2012.04.19"]
[EventType "tourn"]
[EventRounds "9"]
[EventCountry "UKR"]
[EventCategory "9"]
[SourceTitle "CBM 148 Extra"]
[Source "ChessBase"]
[SourceDate "2012.06.22"]
[SourceVersion "1"]
[SourceVersionDate "2012.06.22"]
[SourceQuality "1"]

1. e4 e6 2. d4 d5 3. Nd2 Be7 4. Ngf3 Nf6 5. e5 Nfd7 6. c3 c5 7. Bd3 Nc6 8. 0-0 a5 9. Re1 cxd4 10. cxd4 Qb6 11. Nb1 Nxd4 12. Nxd4 Qxd4 13. Nc3 Qb6 14. Qg4 0-0 15. Bh6 g6 16. Rac1 Nc5 17. Bb5 Rd8 18. Be3 Qa7 19. Bg5 Bxg5 20. Qxg5 Bd7 21. Re3 d4 22. Rh3 dxc3 23. Qh6 Bxb5 24. Qxh7+ Kf8 25. Qh8+ Ke7 26. Qf6+ Kd7 27. Rhxc3 b6 28. Qxf7+ Kc8 29. Qxg6 Qd7 30. h4 Kb7 31. Rf3 Rg8 32. Qh5 Be2 33. Rxc5 Qd1+ 34. Kh2 Rxg2+ 0-1

[Event "Nabokov Memorial-A 10th"]
[Site "Kiev"]
[Date "2012.04.22"]
[Round "5"]
[White "Tovmasian, Vardges"]
[Black "Vysochin, Spartak"]
[Result "0-1"]
[WhiteElo "2420"]
[BlackElo "2550"]
[PlyCount "82"]
[EventDate "2012.04.19"]
[EventType "tourn"]
[EventRounds "9"]
[EventCountry "UKR"]
[EventCategory "9"]
[SourceTitle "CBM 148 Extra"]
[Source "ChessBase"]
[SourceDate "2012.06.22"]
[SourceVersion "1"]
[SourceVersionDate "2012.06.22"]
[SourceQuality "1"]

1. e4 e6 2. d4 d5 3. Nc3 Bb4 4. e5 c5 5. Bd2 Ne7 6. Nce2 Bxd2+ 7. Qxd2 Bd7 8. f4 Qb6 9. 0-0-0 c4 10. g4 Nbc6 11. Kb1 h5 12. gxh5 Rxh5 13. Nf3 0-0-0 14. Ng3 Rh6 15. Ng5 Rf8 16. Be2 f6 17. Nf3 Ng6 18. exf6 Rxf6 19. Ne5 Rxf4 20. Nxg6 c3 21. Ne7+ Nxe7 22. Qxc3+ Nc6 23. Nh5 Rxd4 24. Rdf1 e5 25. Nxg7 Rf4 26. Rxf4 exf4 27. Nh5 Qf2 28. Bf3 d4 29. Qa3 Rh8 30. Nxf4 Bf5 31. Qc5 Bxc2+ 32. Qxc2 Qxf3 33. Qf5+ Kb8 34. Rc1 Rd8 35. Qf6 Qe4+ 36. Ka1 d3 37. Rd1 d2 38. Ne6 Re8 39. Nc5 Qe1 40. Nd7+ Ka8 41. Qf3 Qxd1+ 0-1

[Event "Nabokov Memorial-A 10th"]
[Site "Kiev"]
[Date "2012.04.19"]
[Round "1"]
[White "Tovmasian, Vardges"]
[Black "Nyzhnyk, Illya"]
[Result "0-1"]
[WhiteElo "2420"]
[BlackElo "2585"]
[PlyCount "52"]
[EventDate "2012.04.19"]
[EventType "tourn"]
[EventRounds "9"]
[EventCountry "UKR"]
[EventCategory "9"]
[SourceTitle "CBM 148 Extra"]
[Source "ChessBase"]
[SourceDate "2012.06.22"]
[SourceVersion "1"]
[SourceVersionDate "2012.06.22"]
[SourceQuality "1"]

1. d4 Nf6 2. c4 g6 3. Nc3 Bg7 4. Nf3 0-0 5. Bf4 d6 6. e3 c5 7. d5 Qb6 8. Qc2 e6 9. dxe6 Bxe6 10. Rd1 Nc6 11. Be2 d5 12. 0-0 dxc4 13. Ng5 Bf5 14. e4 Nd4 15. Qd2 Be6 16. e5 Nd7 17. Qe3 Rae8 18. Nf3 f6 19. exf6 Nxf6 20. Ne5 Nd5 21. Nxd5 Bxd5 22. Bg3 Qxb2 23. Rd2 Qb4 24. Rxd4 cxd4 25. Qxd4 Be6 26. Bxc4 Qxc4 0-1

[Event "RUS-chT 19th"]
[Site "Sochi"]
[Date "2012.04.15"]
[Round "7"]
[White "Tovmasian, Vardges"]
[Black "Babiy, Anatoly"]
[Result "1/2-1/2"]
[WhiteElo "2420"]
[BlackElo "2452"]
[PlyCount "152"]
[EventDate "2012.04.09"]
[EventType "team-swiss"]
[EventRounds "7"]
[EventCountry "RUS"]
[SourceTitle "CBM 148"]
[Source "ChessBase"]
[SourceDate "2012.05.16"]
[SourceVersion "1"]
[SourceVersionDate "2012.05.16"]
[SourceQuality "1"]
[WhiteTeam "Desnogorsk Atom"]
[BlackTeam "Vladivostok"]
[WhiteTeamCountry "RUS"]
[BlackTeamCountry "RUS"]

1. d4 Nf6 2. Nf3 d5 3. c4 c6 4. Nc3 e6 5. Bg5 h6 6. Bxf6 Qxf6 7. Qb3 Nd7 8. e4 dxe4 9. Nxe4 Qd8 10. Bd3 Qa5+ 11. Nfd2 Be7 12. 0-0 Nf6 13. c5 Nxe4 14. Nxe4 0-0 15. Rad1 Rd8 16. Bb1 Qc7 17. Rfe1 Bd7 18. Nd2 b6 19. Qc2 g6 20. Nc4 Be8 21. b4 b5 22. Ne5 a5 23. a3 axb4 24. axb4 Bf6 25. Qc3 Bg7 26. h4 h5 27. Be4 Ra4 28. Bc2 Ra6 29. Re3 Qe7 30. g3 Qc7 31. Kg2 Rda8 32. Rde1 R6a7 33. Rf3 Qd8 34. Bb3 Re7 35. Qe3 Kh7 36. Qe4 Ra6 37. Rd3 Rc7 38. Qf3 Qf6 39. Qe2 Qd8 40. Nf3 Kh8 41. Ng5 Ra8 42. Rh1 Rd7 43. Rhd1 Qe7 44. Qe4 Rad8 45. Nf3 Ra7 46. Ne5 Rc8 47. Re1 Qd8 48. Rdd1 Ra3 49. Bc2 Qd5 50. Qxd5 cxd5 51. Rb1 Rc3 52. Bd1 Bxe5 53. dxe5 Bc6 54. Re2 Ra8 55. Rd2 Raa3 56. Kf1 Kg7 57. Rbb2 Rc1 58. Ke2 Raa1 59. Rbc2 Rcb1 60. Rb2 f6 61. exf6+ Kxf6 62. f4 Rxb2 63. Rxb2 e5 64. fxe5+ Kxe5 65. Bc2 Rh1 66. Rb1 Rh2+ 67. Kd3 Rg2 68. Re1+ Kf6 69. Rf1+ Ke5 70. Re1+ Kf6 71. Rf1+ Ke6 72. Re1+ Kd7 73. Re3 d4 74. Re5 Rxg3+ 75. Kxd4 Rg4+ 76. Kc3 Rxh4 1/2-1/2

[Event "Kharkov Femida"]
[Site "Kharkov"]
[Date "2011.11.28"]
[Round "9"]
[White "Belyakov, Bogdan"]
[Black "Tovmasian, Vardges"]
[Result "0-1"]
[WhiteElo "2394"]
[BlackElo "2417"]
[PlyCount "54"]
[EventDate "2011.11.20"]
[EventType "tourn"]
[EventRounds "9"]
[EventCountry "UKR"]
[EventCategory "9"]
[SourceTitle "CBM 145 Extra"]
[Source "ChessBase"]
[SourceDate "2012.01.03"]
[SourceVersion "1"]
[SourceVersionDate "2012.01.03"]
[SourceQuality "1"]

1. e4 e6 2. d4 d5 3. Nc3 Nf6 4. Bg5 Be7 5. e5 Nfd7 6. h4 a6 7. f4 c5 8. dxc5 Nxc5 9. Qg4 f6 10. exf6 Bxf6 11. Bxf6 Qxf6 12. Qh5+ g6 13. Qh6 d4 14. Nce2 d3 15. Nc3 dxc2 16. Nf3 b5 17. h5 b4 18. hxg6 bxc3 19. b4 Ncd7 20. Bc4 Nc6 21. Bxe6 Qxe6+ 22. Kf2 Qf6 23. Rae1+ Kd8 24. Ng5 Nde5 25. Nxh7 Ng4+ 26. Kf1 Rxh7 27. Qxh7 Qxf4+ 0-1

[Event "Kharkov Femida"]
[Site "Kharkov"]
[Date "2011.11.27"]
[Round "8"]
[White "Tovmasian, Vardges"]
[Black "Yilmaz, Mustafa"]
[Result "0-1"]
[WhiteElo "2417"]
[BlackElo "2515"]
[PlyCount "86"]
[EventDate "2011.11.20"]
[EventType "tourn"]
[EventRounds "9"]
[EventCountry "UKR"]
[EventCategory "9"]
[SourceTitle "CBM 145 Extra"]
[Source "ChessBase"]
[SourceDate "2012.01.03"]
[SourceVersion "1"]
[SourceVersionDate "2012.01.03"]
[SourceQuality "1"]

1. e4 c5 2. Nf3 d6 3. d4 cxd4 4. Nxd4 Nf6 5. Nc3 a6 6. Bg5 e6 7. f4 h6 8. Bh4 Qb6 9. a3 Be7 10. Bf2 Qc7 11. Qf3 b5 12. 0-0-0 Bb7 13. g4 Nbd7 14. f5 e5 15. Nb3 Rc8 16. Bd3 d5 17. exd5 Bxa3 18. Ne4 Bxd5 19. bxa3 Bxb3 20. Nxf6+ gxf6 21. Qe4 Nc5 22. Bxc5 Qxc5 23. Qb4 Bd5 24. Rhe1 Bb7 25. Kb2 Ke7 26. Re3 Qxb4+ 27. axb4 h5 28. g5 Rcd8 29. Rde1 fxg5 30. Rxe5+ Kf6 31. Re7 Bd5 32. Ra7 Ra8 33. Ree7 Rxa7 34. Rxa7 Ra8 35. Rd7 Ke5 36. Re7+ Kd6 37. f6 Be6 38. Be4 Rc8 39. c3 Rc4 40. Bb7 Rh4 41. Bxa6 Rxh2+ 42. Kc1 g4 43. c4 Bxc4 0-1